Statistics for #1 Skylanders Spyro's Adventure (All) (1/3)

Click here to take the quiz!

General Stats

  • This quiz has been taken 12 times
  • The average score is 31 of 32

Answer Stats

HintAnswer% Correct
EarthBash
100%
UndeadChop Chop
100%
TechDrobot
100%
FireEruptor
100%
WaterGill Grunt
100%
UndeadHex
100%
EarthPrism Break
100%
AirSonic Boom
100%
MagicSpyro
100%
LifeStealth Elf
100%
LifeStump Smash
100%
FireSunburn
100%
EarthTerrafin
100%
TechTrigger Happy
100%
MagicVoodood
100%
AirWarnado
100%
WaterWhamshell
100%
AirWhirlwind
100%
MagicWrecking Ball
100%
WaterZap
100%
LifeZook
100%
TechBoomer
91%
LifeCamo
91%
UndeadCynder
91%
MagicDouble Trouble
91%
TechDrill Sergeant
91%
FireFlame slinger
91%
UndeadGhost Roaster
91%
FireIgnitor
91%
AirLightning Rod
91%
WaterSlam Bam
91%
EarthDino Rang
73%

Score Distribution

Percentile by Number Answered

Percent of People with Each Score

Your Score History

You have not taken this quiz